[Event "DVM U14 2023"]
[Site "Magdeburg GER"]
[Date "2023.12.29"]
[Round "5"]
[White "Haubold, Sebastian"]
[Black "Sommer, Justus"]
[Result "1-0"]
[Termination "normal"]
[Board "1.1"]
[WhiteElo "2055"]
[BlackElo "2108"]
[WhiteClock "00:02:20"]
[BlackClock "00:01:32"]
[WhiteTeam "USC Magdeburg"]
[BlackTeam "Lübecker SV 1873"]
[PlyCount "155"]
[WhiteFideId "16259637"]
[BlackFideId "16245008"]
[EventCountry "GER"]
[EventRounds "7"]
[EventType "team-swiss"]
[EventDate "2023.12.26"]

1. e4 {[%clk 01:30:55]} {[%emt 00:00:03]} e5 {[%clk 01:30:51]} {[%emt
00:00:08]} 2. Nf3 {[%clk 01:31:09]} {[%emt 00:00:18]} Nc6 {[%clk 01:31:13]}
{[%emt 00:00:06]} 3. Bb5 {[%clk 01:31:26]} {[%emt 00:00:14]} a6 {[%clk
01:31:34]} {[%emt 00:00:08]} 4. Ba4 {[%clk 01:31:47]} {[%emt 00:00:10]} Nf6
{[%clk 01:31:44]} {[%emt 00:00:19]} 5. O-O {[%clk 01:32:08]} {[%emt 00:00:10]}
Be7 {[%clk 01:31:44]} {[%emt 00:00:30]} 6. Re1 {[%clk 01:32:25]} {[%emt
00:00:13]} b5 {[%clk 01:32:04]} {[%emt 00:00:10]} 7. Bb3 {[%clk 01:32:41]}
{[%emt 00:00:14]} d6 {[%clk 01:31:57]} {[%emt 00:00:36]} 8. c3 {[%clk
01:32:29]} {[%emt 00:00:44]} O-O {[%clk 01:32:07]} {[%emt 00:00:18]} 9. h3
{[%clk 01:32:53]} {[%emt 00:00:07]} Na5 {[%clk 01:32:00]} {[%emt 00:00:36]} 10.
Bc2 {[%clk 01:32:58]} {[%emt 00:00:27]} c5 {[%clk 01:32:13]} {[%emt 00:00:16]}
11. d4 {[%clk 01:33:20]} {[%emt 00:00:10]} Qc7 {[%clk 01:32:21]} {[%emt
00:00:18]} 12. d5 {[%clk 01:24:11]} {[%emt 00:09:42]} Nc4 {[%clk 01:26:59]}
{[%emt 00:05:50]} 13. b3 {[%clk 01:24:03]} {[%emt 00:00:40]} Nb6 {[%clk
01:27:21]} {[%emt 00:00:06]} 14. Nbd2 {[%clk 01:21:08]} {[%emt 00:03:27]} a5
{[%clk 01:24:12]} {[%emt 00:03:37]} 15. c4 {[%clk 01:14:17]} {[%emt 00:07:23]}
bxc4 {[%clk 01:19:40]} {[%emt 00:05:02]} 16. bxc4 {[%clk 01:13:04]} {[%emt
00:01:43]} a4 {[%clk 01:17:14]} {[%emt 00:02:53]} 17. a3 {[%clk 01:06:47]}
{[%emt 00:06:49]} Bd7 {[%clk 01:12:41]} {[%emt 00:05:01]} 18. Kh2 {[%clk
00:58:55]} {[%emt 00:08:25]} g6 {[%clk 01:05:44]} {[%emt 00:07:25]} 19. g4
{[%clk 00:53:26]} {[%emt 00:06:00]} Ne8 {[%clk 01:03:35]} {[%emt 00:02:37]} 20.
Rg1 {[%clk 00:48:51]} {[%emt 00:05:07]} Ng7 {[%clk 00:59:36]} {[%emt 00:04:28]}
21. Bd3 {[%clk 00:36:16]} {[%emt 00:13:06]} Kh8 {[%clk 00:47:27]} {[%emt
00:12:38]} 22. Nf1 {[%clk 00:35:07]} {[%emt 00:01:39]} Rg8 {[%clk 00:39:35]}
{[%emt 00:08:21]} 23. Bh6 {[%clk 00:30:46]} {[%emt 00:04:52]} Rab8 {[%clk
00:33:12]} {[%emt 00:06:51]} 24. Ng3 {[%clk 00:25:38]} {[%emt 00:05:41]} Nc8
{[%clk 00:31:03]} {[%emt 00:02:38]} 25. Qd2 {[%clk 00:23:02]} {[%emt 00:03:06]}
Rb3 {[%clk 00:26:32]} {[%emt 00:04:58]} 26. Ng5 {[%clk 00:17:35]} {[%emt
00:06:00]} Be8 {[%clk 00:21:20]} {[%emt 00:05:41]} 27. Bc2 {[%clk 00:12:46]}
{[%emt 00:05:20]} Rb7 {[%clk 00:20:43]} {[%emt 00:01:07]} 28. Rg2 {[%clk
00:10:18]} {[%emt 00:02:59]} Bf6 {[%clk 00:19:41]} {[%emt 00:01:30]} 29. Rag1
{[%clk 00:09:29]} {[%emt 00:01:20]} Qd8 {[%clk 00:17:46]} {[%emt 00:02:25]} 30.
Nf3 {[%clk 00:07:21]} {[%emt 00:02:38]} Bd7 {[%clk 00:13:17]} {[%emt 00:04:59]}
31. Nf5 {[%clk 00:06:32]} {[%emt 00:01:20]} Nxf5 {[%clk 00:07:08]} {[%emt
00:06:39]} 32. gxf5 {[%clk 00:06:54]} {[%emt 00:00:08]} Be8 {[%clk 00:04:31]}
{[%emt 00:03:06]} 33. Rg4 {[%clk 00:06:10]} {[%emt 00:01:14]} Bg7 {[%clk
00:02:19]} {[%emt 00:02:43]} 34. Bxg7+ {[%clk 00:05:07]} {[%emt 00:01:32]} Rxg7
{[%clk 00:02:39]} {[%emt 00:00:10]} 35. Qh6 {[%clk 00:04:33]} {[%emt 00:01:04]}
Rb2 {[%clk 00:02:50]} {[%emt 00:00:19]} 36. Ne1 {[%clk 00:04:22]} {[%emt
00:00:42]} Qf6 {[%clk 00:02:48]} {[%emt 00:00:31]} 37. h4 {[%clk 00:04:12]}
{[%emt 00:00:40]} Ne7 {[%clk 00:02:45]} {[%emt 00:00:32]} 38. h5 {[%clk
00:04:20]} {[%emt 00:00:23]} Bd7 {[%clk 00:01:18]} {[%emt 00:01:57]} 39. Qc1
{[%clk 00:03:02]} {[%emt 00:01:48]} Rb8 {[%clk 00:01:22]} {[%emt 00:00:26]} 40.
Nf3 {[%clk 00:02:49]} {[%emt 00:00:44]} Rgg8 {[%clk 00:01:18]} {[%emt
00:00:33]} 41. Qh6 {[%clk 00:29:12]} {[%emt 00:04:07]} Qg7 {[%clk 00:25:57]}
{[%emt 00:05:51]} 42. Qe3 {[%clk 00:23:02]} {[%emt 00:06:40]} Qf6 {[%clk
00:25:12]} {[%emt 00:01:15]} 43. hxg6 {[%clk 00:18:51]} {[%emt 00:04:42]} fxg6
{[%clk 00:25:09]} {[%emt 00:00:31]} 44. Qh6 {[%clk 00:18:58]} {[%emt 00:00:24]}
Rg7 {[%clk 00:16:57]} {[%emt 00:08:42]} 45. Nh4 {[%clk 00:10:53]} {[%emt
00:08:36]} Rbg8 {[%clk 00:10:33]} {[%emt 00:06:52]} 46. f3 {[%clk 00:06:39]}
{[%emt 00:04:45]} Be8 {[%clk 00:07:46]} {[%emt 00:03:17]} 47. Bd1 {[%clk
00:05:29]} {[%emt 00:01:40]} Qf8 {[%clk 00:06:10]} {[%emt 00:02:06]} 48. fxg6
{[%clk 00:02:56]} {[%emt 00:03:03]} Qf6 {[%clk 00:04:08]} {[%emt 00:02:32]} 49.
Qg5 {[%clk 00:02:09]} {[%emt 00:01:18]} Qxg5 {[%clk 00:04:17]} {[%emt
00:00:20]} 50. Rxg5 {[%clk 00:02:38]} {[%emt 00:00:02]} Bxg6 {[%clk 00:03:53]}
{[%emt 00:00:53]} 51. Nxg6+ {[%clk 00:02:28]} {[%emt 00:00:40]} Nxg6 {[%clk
00:04:09]} {[%emt 00:00:13]} 52. R1g2 {[%clk 00:00:47]} {[%emt 00:02:12]} Rf8
{[%clk 00:03:16]} {[%emt 00:01:23]} 53. Rf5 {[%clk 00:00:38]} {[%emt 00:00:39]}
Rgf7 {[%clk 00:01:04]} {[%emt 00:02:43]} 54. Rxf7 {[%clk 00:00:49]} {[%emt
00:00:18]} Rxf7 {[%clk 00:01:33]} 55. Rb2 {[%clk 00:01:10]} {[%emt 00:00:09]}
Kg7 {[%clk 00:01:26]} {[%emt 00:00:37]} 56. Rb6 {[%clk 00:00:35]} {[%emt
00:01:06]} Rd7 {[%clk 00:01:39]} {[%emt 00:00:16]} 57. Bxa4 {[%clk 00:00:55]}
{[%emt 00:00:10]} Ra7 {[%clk 00:02:05]} {[%emt 00:00:03]} 58. Bd1 {[%clk
00:00:38]} {[%emt 00:00:48]} Rxa3 {[%clk 00:02:31]} {[%emt 00:00:04]} 59. Rxd6
{[%clk 00:00:50]} {[%emt 00:00:18]} Rc3 {[%clk 00:02:07]} {[%emt 00:00:54]} 60.
Rd7+ {[%clk 00:00:54]} {[%emt 00:00:27]} Kf6 {[%clk 00:02:20]} {[%emt
00:00:17]} 61. Rxh7 {[%clk 00:00:44]} {[%emt 00:00:39]} Rxc4 {[%clk 00:02:46]}
{[%emt 00:00:04]} 62. Kg3 {[%clk 00:00:41]} {[%emt 00:00:33]} Rd4 {[%clk
00:02:53]} {[%emt 00:00:23]} 63. Be2 {[%clk 00:00:38]} {[%emt 00:00:33]} Rd2
{[%clk 00:02:54]} {[%emt 00:00:29]} 64. Bf1 {[%clk 00:01:03]} {[%emt 00:00:06]}
Rd1 {[%clk 00:03:12]} {[%emt 00:00:12]} 65. Kf2 {[%clk 00:00:56]} {[%emt
00:00:36]} Nf4 {[%clk 00:02:31]} {[%emt 00:01:09]} 66. Rc7 {[%clk 00:01:03]}
{[%emt 00:00:26]} Rc1 {[%clk 00:01:05]} {[%emt 00:01:55]} 67. Bb5 {[%clk
00:00:38]} {[%emt 00:00:55]} Rc2+ {[%clk 00:00:48]} {[%emt 00:00:47]} 68. Ke1
{[%clk 00:00:40]} {[%emt 00:00:29]} Ng2+ {[%clk 00:00:45]} {[%emt 00:00:32]}
69. Kf1 {[%clk 00:00:57]} {[%emt 00:00:13]} Ne3+ {[%clk 00:01:06]} {[%emt
00:00:09]} 70. Kg1 {[%clk 00:00:49]} {[%emt 00:00:38]} c4 {[%clk 00:00:44]}
{[%emt 00:00:52]} 71. d6 {[%clk 00:00:48]} {[%emt 00:00:31]} Rg2+ {[%clk
00:00:44]} {[%emt 00:00:30]} 72. Kh1 {[%clk 00:01:17]} {[%emt 00:00:01]} Rd2
{[%clk 00:01:06]} {[%emt 00:00:08]} 73. d7 {[%clk 00:00:47]} {[%emt 00:01:01]}
Ke7 {[%clk 00:00:52]} {[%emt 00:00:43]} 74. Rc8 {[%clk 00:01:16]} {[%emt
00:00:02]} Rd1+ {[%clk 00:00:39]} {[%emt 00:00:42]} 75. Kh2 {[%clk 00:01:42]}
{[%emt 00:00:05]} Rd2+ {[%clk 00:01:02]} {[%emt 00:00:06]} 76. Kg1 {[%clk
00:01:25]} {[%emt 00:00:47]} Rg2+ {[%clk 00:01:08]} {[%emt 00:00:24]} 77. Kh1
{[%clk 00:01:54]} {[%emt 00:00:01]} Rd2 {[%clk 00:01:32]} {[%emt 00:00:06]} 78.
Re8+ {[%clk 00:02:20]} {[%emt 00:00:04]} 1-0

[Event "DVM U14 2023"]
[Site "Magdeburg GER"]
[Date "2023.12.29"]
[Round "5"]
[White "Malinowsky, Levi"]
[Black "Haubold, Christian"]
[Result "0-1"]
[Termination "normal"]
[Board "1.2"]
[WhiteElo "2046"]
[BlackElo "1990"]
[WhiteClock "00:37:12"]
[BlackClock "00:27:50"]
[WhiteTeam "Lübecker SV 1873"]
[BlackTeam "USC Magdeburg"]
[PlyCount "90"]
[WhiteFideId "16253094"]
[BlackFideId "16259629"]
[EventCountry "GER"]
[EventRounds "7"]
[EventType "team-swiss"]
[EventDate "2023.12.26"]

1. e4 {[%clk 01:30:57]} {[%emt 00:00:02]} e5 {[%clk 01:30:52]} {[%emt
00:00:08]} 2. Nf3 {[%clk 01:31:21]} {[%emt 00:00:06]} Nc6 {[%clk 01:31:17]}
{[%emt 00:00:05]} 3. Bb5 {[%clk 01:31:41]} {[%emt 00:00:11]} a6 {[%clk
01:31:41]} {[%emt 00:00:06]} 4. Ba4 {[%clk 01:31:59]} {[%emt 00:00:12]} Nf6
{[%clk 01:31:31]} {[%emt 00:00:41]} 5. O-O {[%clk 01:32:11]} {[%emt 00:00:16]}
Be7 {[%clk 01:31:46]} {[%emt 00:00:15]} 6. d3 {[%clk 01:32:25]} {[%emt
00:00:16]} b5 {[%clk 01:31:03]} {[%emt 00:01:13]} 7. Bb3 {[%clk 01:32:49]}
{[%emt 00:00:06]} d6 {[%clk 01:28:26]} {[%emt 00:03:08]} 8. a4 {[%clk
01:32:57]} {[%emt 00:00:22]} Na5 {[%clk 01:20:24]} {[%emt 00:08:32]} 9. axb5
{[%clk 01:27:12]} {[%emt 00:06:15]} Nxb3 {[%clk 01:17:52]} {[%emt 00:03:02]}
10. cxb3 {[%clk 01:27:36]} {[%emt 00:00:06]} O-O {[%clk 01:13:23]} {[%emt
00:05:00]} 11. Nc3 {[%clk 01:20:29]} {[%emt 00:07:37]} Bg4 {[%clk 01:07:50]}
{[%emt 00:06:02]} 12. bxa6 {[%clk 01:17:12]} {[%emt 00:03:47]} Qc8 {[%clk
01:07:47]} {[%emt 00:00:32]} 13. a7 {[%clk 01:13:11]} {[%emt 00:04:32]} Qb7
{[%clk 01:04:22]} {[%emt 00:03:55]} 14. Be3 {[%clk 01:07:03]} {[%emt 00:06:38]}
c5 {[%clk 01:03:13]} {[%emt 00:01:39]} 15. Bg5 {[%clk 01:04:42]} {[%emt
00:02:51]} Rxa7 {[%clk 00:51:15]} {[%emt 00:12:29]} 16. Rxa7 {[%clk 01:03:28]}
{[%emt 00:01:43]} Qxa7 {[%clk 00:51:38]} {[%emt 00:00:07]} 17. h3 {[%clk
01:01:33]} {[%emt 00:02:25]} Bxf3 {[%clk 00:45:02]} {[%emt 00:07:06]} 18. Qxf3
{[%clk 01:00:59]} {[%emt 00:01:03]} Rb8 {[%clk 00:44:42]} {[%emt 00:00:50]} 19.
Bxf6 {[%clk 00:58:27]} {[%emt 00:03:02]} Bxf6 {[%clk 00:45:02]} {[%emt
00:00:10]} 20. b4 {[%clk 00:54:14]} {[%emt 00:04:45]} cxb4 {[%clk 00:37:06]}
{[%emt 00:08:25]} 21. Nd5 {[%clk 00:54:17]} {[%emt 00:00:26]} Bd8 {[%clk
00:33:04]} {[%emt 00:04:32]} 22. Rc1 {[%clk 00:49:58]} {[%emt 00:04:50]} b3
{[%clk 00:29:37]} {[%emt 00:03:56]} 23. Qg4 {[%clk 00:43:13]} {[%emt 00:07:15]}
g6 {[%clk 00:26:45]} {[%emt 00:03:23]} 24. Qe2 {[%clk 00:37:36]} {[%emt
00:06:06]} Qa6 {[%clk 00:21:19]} {[%emt 00:05:57]} 25. Rc4 {[%clk 00:31:24]}
{[%emt 00:06:42]} Kg7 {[%clk 00:17:20]} {[%emt 00:04:29]} 26. Kh2 {[%clk
00:29:37]} {[%emt 00:02:16]} Rc8 {[%clk 00:16:12]} {[%emt 00:01:38]} 27. g3
{[%clk 00:25:07]} {[%emt 00:05:01]} Rxc4 {[%clk 00:14:40]} {[%emt 00:02:02]}
28. dxc4 {[%clk 00:25:34]} {[%emt 00:00:03]} Qa1 {[%clk 00:12:51]} {[%emt
00:02:18]} 29. f4 {[%clk 00:15:37]} {[%emt 00:10:28]} Qc1 {[%clk 00:11:45]}
{[%emt 00:01:35]} 30. fxe5 {[%clk 00:15:00]} {[%emt 00:01:08]} dxe5 {[%clk
00:10:56]} {[%emt 00:01:19]} 31. Nc3 {[%clk 00:11:13]} {[%emt 00:04:16]} Bb6
{[%clk 00:10:22]} {[%emt 00:01:04]} 32. Kg2 {[%clk 00:10:14]} {[%emt 00:01:30]}
Bd4 {[%clk 00:09:08]} {[%emt 00:01:44]} 33. Nd1 {[%clk 00:10:27]} {[%emt
00:00:16]} f5 {[%clk 00:08:46]} {[%emt 00:00:53]} 34. g4 {[%clk 00:09:55]}
{[%emt 00:01:02]} fxe4 {[%clk 00:08:38]} {[%emt 00:00:38]} 35. h4 {[%clk
00:07:49]} {[%emt 00:02:36]} g5 {[%clk 00:08:03]} {[%emt 00:01:05]} 36. hxg5
{[%clk 00:08:01]} {[%emt 00:00:18]} Qf4 {[%clk 00:07:15]} {[%emt 00:01:17]} 37.
c5 {[%clk 00:07:56]} {[%emt 00:00:36]} Bxc5 {[%clk 00:06:06]} {[%emt 00:01:39]}
38. Nc3 {[%clk 00:08:22]} {[%emt 00:00:04]} e3 {[%clk 00:05:11]} {[%emt
00:01:25]} 39. Qd1 {[%clk 00:07:11]} {[%emt 00:01:41]} Qf2+ {[%clk 00:03:16]}
{[%emt 00:02:24]} 40. Kh3 {[%clk 00:07:32]} {[%emt 00:00:09]} Bd4 {[%clk
00:02:24]} {[%emt 00:01:23]} 41. Ne4 {[%clk 00:06:16]} {[%emt 00:01:45]} e2
{[%clk 00:26:19]} {[%emt 00:06:35]} 42. Nxf2 {[%clk 00:36:28]} {[%emt
00:00:18]} exd1=Q {[%clk 00:26:43]} {[%emt 00:00:07]} 43. Nxd1 {[%clk
00:36:51]} {[%emt 00:00:07]} Kg6 {[%clk 00:27:06]} {[%emt 00:00:06]} 44. Kg3
{[%clk 00:36:52]} {[%emt 00:00:29]} Kxg5 {[%clk 00:27:29]} {[%emt 00:00:07]}
45. Kf3 {[%clk 00:37:12]} {[%emt 00:00:09]} Kh4 {[%clk 00:27:50]} {[%emt
00:00:10]} 0-1

[Event "DVM U14 2023"]
[Site "Magdeburg GER"]
[Date "2023.12.29"]
[Round "5"]
[White "Kuhlmann, Nils Magnus"]
[Black "Engel, Bruno"]
[Result "0-1"]
[Termination "normal"]
[Board "1.3"]
[WhiteElo "1629"]
[BlackElo "1987"]
[WhiteClock "00:01:01"]
[BlackClock "00:16:56"]
[WhiteTeam "USC Magdeburg"]
[BlackTeam "Lübecker SV 1873"]
[PlyCount "60"]
[WhiteFideId "16287177"]
[BlackFideId "34609008"]
[EventCountry "GER"]
[EventRounds "7"]
[EventType "team-swiss"]
[EventDate "2023.12.26"]

1. e4 {[%clk 01:30:48]} {[%emt 00:00:12]} c5 {[%clk 01:30:55]} {[%emt
00:00:05]} 2. Nc3 {[%clk 01:30:43]} {[%emt 00:00:35]} a6 {[%clk 01:31:19]}
{[%emt 00:00:06]} 3. Nf3 {[%clk 01:29:41]} {[%emt 00:01:33]} d6 {[%clk
01:23:48]} {[%emt 00:08:00]} 4. d4 {[%clk 01:29:25]} {[%emt 00:00:46]} cxd4
{[%clk 01:24:13]} {[%emt 00:00:05]} 5. Nxd4 {[%clk 01:29:47]} {[%emt 00:00:08]}
Nf6 {[%clk 01:24:38]} {[%emt 00:00:04]} 6. Bd3 {[%clk 01:30:00]} {[%emt
00:00:18]} e6 {[%clk 01:13:52]} {[%emt 00:11:16]} 7. Be3 {[%clk 01:24:53]}
{[%emt 00:05:37]} Be7 {[%clk 01:12:18]} {[%emt 00:02:04]} 8. h3 {[%clk
01:23:13]} {[%emt 00:02:11]} Nbd7 {[%clk 01:00:46]} {[%emt 00:12:01]} 9. Nb3
{[%clk 01:17:20]} {[%emt 00:06:23]} b5 {[%clk 00:54:25]} {[%emt 00:06:50]} 10.
a3 {[%clk 01:11:31]} {[%emt 00:06:20]} Bb7 {[%clk 00:52:29]} {[%emt 00:02:26]}
11. Nd2 {[%clk 01:09:03]} {[%emt 00:02:58]} Rc8 {[%clk 00:46:00]} {[%emt
00:06:59]} 12. Ne2 {[%clk 01:01:59]} {[%emt 00:07:35]} d5 {[%clk 00:40:58]}
{[%emt 00:05:31]} 13. f3 {[%clk 00:56:48]} {[%emt 00:05:41]} dxe4 {[%clk
00:41:12]} {[%emt 00:00:15]} 14. Nxe4 {[%clk 00:56:21]} {[%emt 00:00:58]} Nxe4
{[%clk 00:40:53]} {[%emt 00:00:48]} 15. Bxe4 {[%clk 00:56:09]} {[%emt
00:00:42]} Bxe4 {[%clk 00:41:07]} {[%emt 00:00:17]} 16. fxe4 {[%clk 00:56:34]}
{[%emt 00:00:05]} Bh4+ {[%clk 00:39:48]} {[%emt 00:01:48]} 17. g3 {[%clk
00:54:07]} {[%emt 00:02:58]} Bf6 {[%clk 00:39:38]} {[%emt 00:00:39]} 18. c3
{[%clk 00:45:33]} {[%emt 00:09:05]} Qc7 {[%clk 00:30:48]} {[%emt 00:09:19]} 19.
Bf4 {[%clk 00:34:54]} {[%emt 00:11:10]} Qb7 {[%clk 00:27:44]} {[%emt 00:03:34]}
20. O-O {[%clk 00:27:05]} {[%emt 00:08:19]} e5 {[%clk 00:25:54]} {[%emt
00:02:20]} 21. Be3 {[%clk 00:22:47]} {[%emt 00:04:48]} Qxe4 {[%clk 00:26:15]}
{[%emt 00:00:09]} 22. Bf2 {[%clk 00:23:15]} {[%emt 00:00:03]} Qc6 {[%clk
00:24:35]} {[%emt 00:02:09]} 23. Kh2 {[%clk 00:17:27]} {[%emt 00:06:18]} O-O
{[%clk 00:24:31]} {[%emt 00:00:34]} 24. Ng1 {[%clk 00:13:58]} {[%emt 00:03:59]}
e4 {[%clk 00:22:22]} {[%emt 00:02:39]} 25. Ne2 {[%clk 00:12:35]} {[%emt
00:01:52]} Ne5 {[%clk 00:21:31]} {[%emt 00:01:21]} 26. Nd4 {[%clk 00:12:23]}
{[%emt 00:00:42]} Qd5 {[%clk 00:20:25]} {[%emt 00:01:36]} 27. Qe2 {[%clk
00:07:16]} {[%emt 00:05:38]} Nd3 {[%clk 00:18:06]} {[%emt 00:02:48]} 28. Be3
{[%clk 00:03:12]} {[%emt 00:04:35]} Bxd4 {[%clk 00:18:08]} {[%emt 00:00:27]}
29. Bxd4 {[%clk 00:03:31]} {[%emt 00:00:12]} f5 {[%clk 00:17:53]} {[%emt
00:00:44]} 30. Rad1 {[%clk 00:01:01]} {[%emt 00:03:00]} Rce8 {[%clk 00:16:56]}
{[%emt 00:01:27]} 0-1

[Event "DVM U14 2023"]
[Site "Magdeburg GER"]
[Date "2023.12.29"]
[Round "5"]
[White "Hellenbroich, Hanno"]
[Black "Pham, Jacky"]
[Result "1-0"]
[Termination "normal"]
[Board "1.4"]
[WhiteElo "1348"]
[BlackElo "1336"]
[WhiteClock "01:00:38"]
[BlackClock "00:29:16"]
[WhiteTeam "Lübecker SV 1873"]
[BlackTeam "USC Magdeburg"]
[PlyCount "87"]
[WhiteFideId "16270762"]
[BlackFideId "34611606"]
[EventCountry "GER"]
[EventRounds "7"]
[EventType "team-swiss"]
[EventDate "2023.12.26"]

1. e4 {[%clk 01:30:49]} {[%emt 00:00:10]} c5 {[%clk 01:30:50]} {[%emt
00:00:11]} 2. Nf3 {[%clk 01:30:55]} {[%emt 00:00:23]} e6 {[%clk 01:31:01]}
{[%emt 00:00:19]} 3. Nc3 {[%clk 01:30:45]} {[%emt 00:00:40]} Nc6 {[%clk
01:30:16]} {[%emt 00:01:15]} 4. Bb5 {[%clk 01:30:59]} {[%emt 00:00:16]} Nd4
{[%clk 01:26:39]} {[%emt 00:04:07]} 5. Bd3 {[%clk 01:31:04]} {[%emt 00:00:25]}
Ne7 {[%clk 01:23:45]} {[%emt 00:03:24]} 6. Nxd4 {[%clk 01:29:21]} {[%emt
00:02:14]} cxd4 {[%clk 01:23:54]} {[%emt 00:00:20]} 7. Ne2 {[%clk 01:29:36]}
{[%emt 00:00:14]} e5 {[%clk 01:23:37]} {[%emt 00:00:47]} 8. c3 {[%clk
01:29:57]} {[%emt 00:00:10]} dxc3 {[%clk 01:20:15]} {[%emt 00:03:52]} 9. bxc3
{[%clk 01:29:01]} {[%emt 00:01:27]} d5 {[%clk 01:18:53]} {[%emt 00:01:51]} 10.
Ba3 {[%clk 01:25:12]} {[%emt 00:04:19]} Ng6 {[%clk 01:15:02]} {[%emt 00:04:21]}
11. Bxf8 {[%clk 01:21:51]} {[%emt 00:03:52]} Nxf8 {[%clk 01:11:07]} {[%emt
00:04:25]} 12. Qb3 {[%clk 01:21:39]} {[%emt 00:00:41]} dxe4 {[%clk 01:07:47]}
{[%emt 00:03:50]} 13. Bxe4 {[%clk 01:22:00]} {[%emt 00:00:09]} Nd7 {[%clk
01:07:53]} {[%emt 00:00:18]} 14. Qb4 {[%clk 01:18:27]} {[%emt 00:04:09]} Qb6
{[%clk 01:00:23]} {[%emt 00:08:00]} 15. Rb1 {[%clk 01:14:55]} {[%emt 00:04:02]}
Qxb4 {[%clk 00:57:27]} {[%emt 00:03:26]} 16. Rxb4 {[%clk 01:14:32]} {[%emt
00:00:54]} Nc5 {[%clk 00:54:47]} {[%emt 00:03:09]} 17. Rc4 {[%clk 01:11:07]}
{[%emt 00:03:55]} Na6 {[%clk 00:47:32]} {[%emt 00:07:46]} 18. Ra4 {[%clk
01:07:28]} {[%emt 00:04:09]} Rb8 {[%clk 00:43:25]} {[%emt 00:04:37]} 19. O-O
{[%clk 01:06:20]} {[%emt 00:01:36]} O-O {[%clk 00:37:17]} {[%emt 00:06:39]} 20.
Ng3 {[%clk 01:03:31]} {[%emt 00:03:18]} Be6 {[%clk 00:33:19]} {[%emt 00:04:29]}
21. Rb1 {[%clk 00:58:49]} {[%emt 00:05:12]} f5 {[%clk 00:24:27]} {[%emt
00:09:22]} 22. Bxb7 {[%clk 00:37:39]} {[%emt 00:21:40]} Nc5 {[%clk 00:05:12]}
{[%emt 00:19:45]} 23. Rab4 {[%clk 00:37:15]} {[%emt 00:00:54]} Nxb7 {[%clk
00:02:16]} {[%emt 00:03:26]} 24. Rxb7 {[%clk 00:37:30]} {[%emt 00:00:16]} Rxb7
{[%clk 00:01:05]} {[%emt 00:01:40]} 25. Rxb7 {[%clk 00:37:47]} {[%emt
00:00:13]} Bxa2 {[%clk 00:00:42]} {[%emt 00:00:53]} 26. Rxa7 {[%clk 00:37:58]}
{[%emt 00:00:19]} Bc4 {[%clk 00:00:36]} {[%emt 00:00:36]} 27. Rc7 {[%clk
00:36:23]} {[%emt 00:02:05]} Bd3 {[%clk 00:00:36]} {[%emt 00:00:29]} 28. f3
{[%clk 00:35:00]} {[%emt 00:01:54]} g6 {[%clk 00:00:32]} {[%emt 00:00:35]} 29.
Rd7 {[%clk 00:34:40]} {[%emt 00:00:50]} Bb5 {[%clk 00:00:32]} {[%emt 00:00:30]}
30. Rd5 {[%clk 00:34:11]} {[%emt 00:00:59]} f4 {[%clk 00:00:31]} {[%emt
00:00:31]} 31. Rxb5 {[%clk 00:33:54]} {[%emt 00:00:47]} fxg3 {[%clk 00:00:49]}
{[%emt 00:00:12]} 32. hxg3 {[%clk 00:34:09]} {[%emt 00:00:14]} Re8 {[%clk
00:01:05]} {[%emt 00:00:14]} 33. c4 {[%clk 00:33:16]} {[%emt 00:01:24]} Kf7
{[%clk 00:01:18]} {[%emt 00:00:16]} 34. Kf2 {[%clk 00:33:19]} {[%emt 00:00:27]}
Ke6 {[%clk 00:01:07]} {[%emt 00:00:41]} 35. Rd5 {[%clk 00:32:10]} {[%emt
00:01:40]} Rc8 {[%clk 00:01:03]} {[%emt 00:00:34]} 36. d3 {[%clk 00:32:12]}
{[%emt 00:00:27]} Ra8 {[%clk 00:00:40]} {[%emt 00:00:53]} 37. f4 {[%clk
00:31:54]} {[%emt 00:00:47]} exf4 {[%clk 00:00:32]} {[%emt 00:00:39]} 38. gxf4
{[%clk 00:32:15]} {[%emt 00:00:09]} Ra2+ {[%clk 00:00:43]} {[%emt 00:00:19]}
39. Kf3 {[%clk 00:32:18]} {[%emt 00:00:27]} h5 {[%clk 00:00:39]} {[%emt
00:00:34]} 40. Re5+ {[%clk 00:31:39]} {[%emt 00:01:09]} Kf6 {[%clk 00:00:34]}
{[%emt 00:00:36]} 41. c5 {[%clk 00:31:25]} {[%emt 00:00:44]} Ra3 {[%clk
00:30:12]} {[%emt 00:00:50]} 42. Ke4 {[%clk 01:01:31]} {[%emt 00:00:24]} h4
{[%clk 00:29:13]} {[%emt 00:01:30]} 43. Rg5 {[%clk 01:00:18]} {[%emt 00:01:43]}
Ra4+ {[%clk 00:29:16]} {[%emt 00:00:27]} 44. d4 {[%clk 01:00:38]} {[%emt
00:00:10]} 1-0